[Event "16. Sparkassen Open 2017 - Gruppe C"]
[Site "Forchheim"]
[Date "2017.10.01"]
[Round "4.17"]
[White "Gehrke, Korbinian"]
[Black "Seidl, Josef"]
[Result "1/2-1/2"]
[WhiteElo "1258"]
[BlackElo "1592"]
[PlyCount "80"]
[EventDate "2017.??.??"]
[WhiteTeam "TV Tegernsee"]
[BlackTeam "TSV Kreuzberg"]

1. e4 c5 2. Nc3 Nc6 3. Nf3 d6 4. Bc4 Bg4 5. d3 e6 6. Be3 Be7 7. h3 Bxf3 8. Qxf3
Bf6 9. a3 Nge7 10. Bf4 O-O 11. O-O Nd4 12. Qd1 a6 13. Qd2 Ng6 14. Be3 Nh4 15.
Bxd4 Bxd4 16. Qf4 Qf6 17. Qxf6 Bxf6 18. Rae1 b5 19. Ba2 Rfb8 20. Rb1 Ng6 21. f4
Bd4+ 22. Kh1 b4 23. axb4 Rxb4 24. f5 exf5 25. exf5 Ne5 26. f6 c4 27. fxg7 Kxg7
28. Rf4 Bxc3 29. bxc3 Rxb1+ 30. Bxb1 Rb8 31. Ba2 d5 32. dxc4 dxc4 33. Bxc4 Rb1+
34. Kh2 a5 35. Bb3 Ra1 36. Ra4 Re1 37. Rxa5 Re2 38. Ra7 Kh6 39. Bd5 Rxc2 40.
Be4 Rxc3 {Rest unklar} 1/2-1/2

[Event "16. Sparkassen Open 2017 - Gruppe C"]
[Site "Forchheim"]
[Date "2017.10.01"]
[Round "4.18"]
[White "Wirtz-Stark, Jürgen"]
[Black "Sargsyan, Arusyak"]
[Result "1-0"]
[WhiteElo "1452"]
[BlackElo "1006"]
[PlyCount "89"]
[EventDate "2017.??.??"]
[WhiteTeam "SK Rothenburg"]
[BlackTeam "SW Nürnberg Süd"]

1. e4 e6 2. d4 d5 3. e5 c5 4. c3 Nc6 5. Nf3 Qb6 6. Be2 Nh6 7. b3 Nf5 8. Bb2 Be7
9. O-O f6 10. exf6 Bxf6 11. dxc5 Qxc5 12. b4 Qd6 13. Bd3 Nh4 14. Nxh4 Bxh4 15.
Qh5+ g6 16. Qxh4 O-O 17. b5 Rf4 18. Qg3 Ne7 19. Bc1 e5 20. Bxf4 exf4 21. Qg5
Nf5 22. Bxf5 Bxf5 23. a4 Re8 24. Nd2 Re2 25. Nf3 Be4 26. Qe5 Qf8 27. Ng5 h6 28.
Nxe4 dxe4 29. Rae1 Rd2 30. Qxe4 Qc5 31. Qe8+ Kg7 32. Qe7+ Qxe7 33. Rxe7+ Kf6
34. Rxb7 Rc2 35. Rxa7 Rxc3 36. Rd7 Rc8 37. a5 Rb8 38. b6 Ke6 39. Rdd1 Rb7 40.
a6 Rxb6 41. a7 f3 42. a8=Q Ke5 43. Rde1+ Kd6 44. Rd1+ Kc5 45. Qd5+ {Rest unklar
} 1-0

[Event "16. Sparkassen Open 2017 - Gruppe C"]
[Site "Forchheim"]
[Date "2017.10.01"]
[Round "4.19"]
[White "Walter, Stefanie"]
[Black "Awiszus, Thomas"]
[Result "0-1"]
[WhiteElo "1325"]
[BlackElo "1605"]
[PlyCount "134"]
[EventDate "2017.??.??"]
[WhiteTeam "SV Lauf"]
[BlackTeam "SK Schmiden/Cannstatt"]

1. d4 Nf6 2. Bf4 g6 3. e3 Bg7 4. Nf3 O-O 5. h3 d6 6. Bd3 Nbd7 7. c4 c5 8. Nc3
Qb6 9. Qc2 Nb8 10. O-O Nc6 11. Na4 Qa5 12. Rfe1 Nb4 13. Qb3 Nxd3 14. Qxd3 Qxa4
15. b3 Qc6 16. e4 cxd4 17. Nxd4 Qd7 18. g4 Nxg4 19. hxg4 Qxg4+ 20. Bg3 h5 21.
Kf1 Qh3+ 22. Ke2 Bh6 23. Rh1 Qg4+ 24. Nf3 b6 25. Rh4 Qe6 26. Nd4 Qf6 27. Rf1 g5
28. Rh2 Bg7 29. Nf3 Bg4 30. Rfh1 Qg6 31. Kd2 f5 32. e5 Bxf3 33. Qxf3 g4 34.
Qd5+ e6 35. Qxd6 Rad8 36. Bh4 Rxd6+ 37. exd6 Bf6 38. Bxf6 Qxf6 39. Rxh5 Rf7 40.
Rh6 Qe5 41. Rg6+ Rg7 42. d7 Qd4+ 43. Kc2 Rxg6 44. Rd1 Qxd7 45. Rxd7 Rg7 46. Rd6
e5 47. Kd3 Kf7 48. a4 Ke7 49. c5 bxc5 50. Rc6 Kd8 51. Rxc5 Rd7+ 52. Ke3 Re7 53.
b4 Kd7 54. b5 Kd6 55. Rc6+ Kd5 56. f3 gxf3 57. Kxf3 e4+ 58. Ke3 Rg7 59. Kf4 Rf7
60. a5 Rb7 61. Ra6 Rxb5 62. Rxa7 Kd4 63. Rd7+ Rd5 64. Rxd5+ Kxd5 65. a6 Kc6 66.
Kxf5 e3 67. a7 Kb7 0-1

[Event "16. Sparkassen Open 2017 - Gruppe C"]
[Site "Forchheim"]
[Date "2017.10.01"]
[Round "4.20"]
[White "Schmiedt, Alexander"]
[Black "Walter, Gabriele"]
[Result "0-1"]
[WhiteElo "1292"]
[BlackElo "1590"]
[PlyCount "118"]
[EventDate "2017.??.??"]
[WhiteTeam "SK Rothenburg"]
[BlackTeam "SV Lauf"]

1. d4 d5 2. c4 c6 3. Nc3 dxc4 4. e3 b5 5. a4 bxa4 6. Bxc4 Nd7 7. Qxa4 Bb7 8.
Qb3 Qb6 9. Bxf7+ Kd8 10. Qxb6+ Nxb6 11. Bb3 Nf6 12. e4 g6 13. f3 Bg7 14. Nge2
Nfd7 15. Bf4 e5 16. Bg5+ Kc7 17. d5 Nc5 18. Nc1 h6 19. Be3 Nxb3 20. Bxb6+ axb6
21. Rxa8 Rxa8 22. Nxb3 Rd8 23. dxc6 Bxc6 24. O-O h5 25. Ra1 Kb7 26. Kf2 Bf8 27.
Rd1 Rxd1 28. Nxd1 Ba4 29. Nc3 Bxb3 30. Ke3 Kc6 31. Kd3 Bc5 32. Ne2 Kb5 33. Kc3
Bc4 34. Nc1 Be3 35. Nd3 Bd4+ 36. Kc2 Kc6 37. b3 Bf7 38. Nb4+ Kb5 39. Nd3 g5 40.
h3 Be6 41. Nc1 Be3 42. Nd3 Bf4 43. Kc3 Bg3 44. Kb2 g4 45. hxg4 hxg4 46. fxg4
Bxg4 47. Kc3 Be2 48. Kd2 Bf1 49. Ne1 Bxe1+ 50. Kxe1 Bxg2 51. Kd2 Bxe4 52. Kc3
Bd5 53. Kc2 e4 54. Kc3 e3 55. Kd3 Kb4 56. Kxe3 Kxb3 57. Kd2 b5 58. Kc1 Ka2 59.
Kc2 b4 0-1

[Event "16. Sparkassen Open 2017 - Gruppe C"]
[Site "Forchheim"]
[Date "2017.10.01"]
[Round "4.21"]
[White "Hoffmann, Steffen"]
[Black "Englert, Lin"]
[Result "1/2-1/2"]
[WhiteElo "1445"]
[BlackElo "1298"]
[PlyCount "92"]
[EventDate "2017.??.??"]
[WhiteTeam "SC Noris-Tarrasch Nürnberg"]
[BlackTeam "TV-Großostheim"]

1. d4 d5 2. Bf4 Bf5 3. e3 Nf6 4. Bd3 Be4 5. Nc3 e6 6. a3 Bd6 7. Bg5 Bxg2 8. Nf3
Bxh1 9. Ne5 h6 10. Bh4 g5 11. Bg3 Nbd7 12. Kd2 Bg2 13. Qe2 Qe7 14. f3 Bh3 15.
Nb5 a6 16. Nxd6+ cxd6 17. Ng4 Bxg4 18. fxg4 Ne4+ 19. Bxe4 dxe4 20. Qc4 d5 21.
Qa4 O-O 22. Rf1 Rfc8 23. c3 Rc4 24. Qd1 b5 25. Rf2 a5 26. Qh1 f6 27. h4 Rf8 28.
hxg5 fxg5 29. Qxh6 Rxf2+ 30. Bxf2 Kf7 31. Qh5+ Kg7 32. Bg3 Qf7 33. Qxg5+ Qg6
34. Qe7+ Qf7 35. Qg5+ Kf8 36. Qh6+ Ke8 37. Qh8+ Qf8 38. Qh5+ Kd8 39. Bh4+ Kc8
40. g5 b4 41. axb4 axb4 42. Qg4 bxc3+ 43. bxc3 Qe8 44. Qd1 Rc7 45. Qa4 Qd8 46.
Bg3 Rb7 1/2-1/2

[Event "16. Sparkassen Open 2017 - Gruppe C"]
[Site "Forchheim"]
[Date "2017.10.01"]
[Round "4.22"]
[White "Dresel, Martin"]
[Black "Stark, Amalia"]
[Result "1-0"]
[WhiteElo "1640"]
[BlackElo "1324"]
[PlyCount "121"]
[EventDate "2017.??.??"]
[WhiteTeam "SC Erlangen"]
[BlackTeam "SK Rothenburg"]

1. d4 d5 2. c4 Nf6 3. cxd5 Nxd5 4. Nc3 Nc6 5. e3 a6 6. Bc4 Be6 7. Qf3 Ncb4 8.
Kd2 g6 9. a3 Nxc3 10. Bxe6 fxe6 11. bxc3 Nd5 12. Ne2 Bg7 13. Bb2 e5 14. Rhc1
exd4 15. cxd4 Rc8 16. Ke1 c5 17. Kf1 Rf8 18. Qe4 Qd6 19. Kg1 b6 20. Rc2 Nf6 21.
Qh4 h5 22. h3 Qd5 23. Nf4 Qe4 24. Rac1 Nd7 25. Qg5 Bf6 26. Qxg6+ Qxg6 27. Nxg6
Rg8 28. Nf4 Rc6 29. Nxh5 Bg5 30. dxc5 bxc5 31. Ng3 Rcg6 32. Ne4 Bh6 33. g3 Bg7
34. Bxg7 R8xg7 35. Nxc5 Nxc5 36. Rxc5 Rf6 37. Rc6 Rxc6 38. Rxc6 a5 39. Rc5 a4
40. Rc4 Rh7 41. Kg2 Rh6 42. Rxa4 Rc6 43. Rb4 Ra6 44. a4 e5 45. g4 Kf7 46. h4
Kg6 47. Kg3 e4 48. Rxe4 Kh6 49. f3 Kg6 50. f4 Kh6 51. Rd4 Kg6 52. h5+ Kh6 53.
Kh4 Ra5 54. g5+ Kg7 55. Kg4 Ra6 56. f5 Kh7 57. e4 Ra7 58. h6 Kh8 59. Kh5 Kh7
60. g6+ Kg8 61. Rd8# 1-0

[Event "16. Sparkassen Open 2017 - Gruppe C"]
[Site "Forchheim"]
[Date "2017.10.01"]
[Round "4.23"]
[White "Adelhardt, Lisa"]
[Black "Held, Werner"]
[Result "1-0"]
[WhiteElo "1289"]
[BlackElo "1071"]
[PlyCount "35"]
[EventDate "2017.??.??"]
[WhiteTeam "Schachtreff Röttenbach"]
[BlackTeam "Zabo-Eintracht Nürnberg"]

1. e4 e5 2. Nf3 Nc6 3. Bc4 h6 4. d4 Bd6 5. Be3 Nf6 6. Nc3 a6 7. a3 b5 8. Bb3 b4
9. Nd5 Nxe4 10. dxe5 Nxe5 11. Qd4 Nf6 12. Nxe5 c5 13. Nxf6+ Qxf6 14. Qe4 Rb8
15. Nxf7+ Kf8 16. Nxh8 Be5 17. Ng6+ Ke8 18. Qxe5+ 1-0

[Event "16. Sparkassen Open 2017 - Gruppe C"]
[Site "Forchheim"]
[Date "2017.10.01"]
[Round "4.25"]
[White "Heger, Heinz"]
[Black "Huber, Dominik"]
[Result "1/2-1/2"]
[WhiteElo "1135"]
[BlackElo "1567"]
[PlyCount "68"]
[EventDate "2017.??.??"]
[WhiteTeam "SC Forchheim"]
[BlackTeam "SC Noris-Tarrasch Nürnberg"]

1. d4 d5 2. e3 Nf6 3. c4 Bf5 4. Nc3 e6 5. Nf3 Be7 6. Nh4 Bg4 7. f3 Ne4 8. Nxe4
Bxh4+ 9. g3 Bf5 10. Nc5 b6 11. Qa4+ c6 12. Nd3 Bf6 13. Nf4 O-O 14. g4 Bh4+ 15.
Kd1 g6 16. Nxg6 fxg6 17. Bg2 Qc7 18. Bd2 Nd7 19. Rc1 c5 20. f4 Nf6 21. g5 Ne4
22. Bxe4 dxe4 23. Rg1 cxd4 24. Rg4 Bf2 25. Ke2 dxe3 26. Bxe3 Bxe3 27. Kxe3 e5
28. Rf1 Rae8 29. Qb5 Qd6 30. Qd5+ Qxd5 31. cxd5 Rf6 32. Rd1 exf4+ 33. Rxf4 h5
34. Rxe4 Rxe4+ 1/2-1/2

[Event "16. Sparkassen Open 2017 - Gruppe C"]
[Site "Forchheim"]
[Date "2017.10.01"]
[Round "4.27"]
[White "Keck, Johannes"]
[Black "Antonava, Sviatlana"]
[Result "1-0"]
[WhiteElo "1083"]
[BlackElo "1199"]
[PlyCount "77"]
[EventDate "2017.??.??"]
[WhiteTeam "SV Lauf"]
[BlackTeam "SK Ladenburg"]

1. e4 b6 2. Nc3 Bb7 3. d4 e6 4. Nf3 Bb4 5. Bd3 Nf6 6. Qe2 d6 7. O-O O-O 8. Bg5
h6 9. Bh4 e5 10. d5 Nbd7 11. a3 Bxc3 12. bxc3 c6 13. c4 Qc7 14. h3 Nh5 15. Bg3
Nc5 16. Nh2 Nf6 17. f4 Nxd3 18. cxd3 exf4 19. Rxf4 b5 20. Bh4 Nh7 21. Qg4 Qb6+
22. Bf2 Rae8 23. Bxb6 axb6 24. a4 Re5 25. axb5 Nf6 26. Rxf6 Rg5 27. Qd7 Bc8 28.
Qxd6 Bxh3 29. Rf2 cxd5 30. Kf1 Be6 31. cxd5 Bc8 32. Ra8 Rg6 33. Qc7 Bg4 34.
Rxf7 Kh7 35. Nxg4 Rxg4 36. Raxf8 Kg6 37. Rxg7+ Kh5 38. Qh2+ Rh4 39. Rf5# 1-0

[Event "16. Sparkassen Open 2017 - Gruppe C"]
[Site "Forchheim"]
[Date "2017.10.01"]
[Round "4.28"]
[White "Plinz, Tim"]
[Black "Haller, Inna"]
[Result "1-0"]
[WhiteElo "1401"]
[BlackElo "946"]
[PlyCount "26"]
[EventDate "2017.??.??"]
[WhiteTeam "SK Schwanstetten"]
[BlackTeam "Aschaffenburg-Schweinheim"]

1. e4 e5 2. Nf3 Nc6 3. Bc4 h6 4. d3 d6 5. h3 a6 6. O-O Bd7 7. Be3 Qe7 8. Nbd2
g5 9. Ne1 Nf6 10. c3 O-O-O 11. Qc2 g4 12. h4 Nh5 13. Bg5 Rh7 1-0

[Event "16. Sparkassen Open 2017 - Gruppe C"]
[Site "Forchheim"]
[Date "2017.10.01"]
[Round "4.29"]
[White "Seuberth, Ludwig"]
[Black "Heimann, Jonas"]
[Result "0-1"]
[WhiteElo "1693"]
[BlackElo "1062"]
[PlyCount "85"]
[EventDate "2017.??.??"]
[WhiteTeam "SC Forchheim"]
[BlackTeam "SC Forchheim"]

1. d4 d5 2. c4 e6 3. Nc3 Nf6 4. Bg5 c6 5. e3 Be7 6. Nf3 O-O 7. Rc1 h6 8. Bf4 b6
9. b3 Ba6 10. Bd3 Bb4 11. O-O Nh5 12. Bg3 Nxg3 13. hxg3 Nd7 14. Ne2 c5 15. Bb1
b5 16. Qc2 Nf6 17. Rcd1 bxc4 18. a3 Bxa3 19. Rfe1 cxb3 20. Qxb3 Bb4 21. Nc3 Qa5
22. Rc1 c4 23. Qc2 g6 24. Nh4 Rfe8 25. Nxg6 Rab8 26. Ne5 Rb7 27. Nc6 Qb6 28.
Nxb4 Qxb4 29. Qe2 Qa5 30. e4 e5 31. Nxd5 Nxd5 32. exd5 Qxd5 33. Be4 exd4 34.
Qg4+ Qg5 35. Qxg5+ hxg5 36. Bxb7 Rxe1+ 37. Rxe1 Bxb7 38. Kf1 d3 39. Rc1 d2 40.
Rd1 c3 41. Rxd2 cxd2 42. Ke2 Bxg2 43. Kxd2 0-1

[Event "16. Sparkassen Open 2017 - Gruppe C"]
[Site "Forchheim"]
[Date "2017.10.01"]
[Round "4.30"]
[White "Focsa Lutz, Tudor"]
[Black "Albayrak, Melissa"]
[Result "1-0"]
[WhiteElo "1064"]
[BlackElo "835"]
[PlyCount "67"]
[EventDate "2017.??.??"]
[WhiteTeam "SV Seubelsdorf"]
[BlackTeam "Zabo-Eintracht Nürnberg"]

1. e4 e5 2. Nf3 Nc6 3. d4 f6 4. Be2 a6 5. O-O Nge7 6. Be3 d5 7. Nc3 dxe4 8.
Nxe4 Nf5 9. d5 Nxe3 10. fxe3 Nb4 11. c4 b5 12. a3 f5 13. Nc3 e4 14. Nd4 c5 15.
Nxf5 Bxf5 16. Rxf5 g6 17. Rf1 Qg5 18. Qd2 Bh6 19. axb4 cxb4 20. Nxe4 Qxe3+ 21.
Qxe3 Bxe3+ 22. Kh1 Ke7 23. d6+ Kd7 24. Bg4+ Kd8 25. Rf3 Bd4 26. Rd1 Bxb2 27.
Nc5 bxc4 28. d7 h5 29. Nb7+ Kc7 30. Rf7 Kxb7 31. d8=Q+ Kc6 32. Qd7+ Kb6 33. Rd5
Rab8 34. Qd6# 1-0